Born To Die - The Paradise Edition - Album (Lana Del Rey) - Statistics

General Stats
  • This quiz has been taken 108 times
  • The average score is 18 of 24
Answer Stats
# Title % Correct
1. Born To Die
98%
9. Carmen
85%
14. Lolita
85%
11. Summertime Sadness
85%
4. Video Games
85%
3. Blue Jeans
83%
7. Dark Paradise
81%
2. Off To The Races
81%
6. National Anthem
79%
8. Radio
79%
5. Diet Mountain Dew
77%
12. This Is What Makes Us Girls
75%
22. Yayo
75%
18. Cola
71%
16. Ride
69%
19. Body Electric
67%
17. American
65%
10. Million Dollar Man
65%
13. Without You
65%
23. Bel Air
63%
21. Gods & Monsters
63%
15. Lucky Ones
60%
20. Blue Velvet
58%
24. Burning Desire
56%
No matching quizzes found
Score Distribution
Percent of People with Each Score
Percentile by Number Answered
Your Score History
You have not taken this quiz